Statistiques concernant Pays ne finissant pas par une voyelle.

Cliquez ici pour prendre le quiz!

Statistiques générales

  • Ce quiz a été pris 784 fois
    (690 depuis la dernière actualisation)
  • Le résultat moyen est 44 sur 65

Statistiques - réponses

Pays% Correct
Etats-Unis
87%
Portugal
87%
Afghanistan
85%
Brésil
85%
Japon
85%
Maroc
85%
Ouzbékistan
84%
Kazakhstan
82%
Irak
81%
Pakistan
81%
Afrique du Sud
80%
Corée du Sud
80%
Iran
80%
Soudan
80%
Turkménistan
80%
Corée du Nord
79%
Kirghizistan
78%
Qatar
78%
Yémen
77%
Tadjikistan
76%
Vatican
75%
Viet Nam
75%
Danemark
74%
Laos
74%
Oman
74%
Soudan du Sud
73%
Azerbaïdjan
72%
Liechtenstein
72%
Pays-Bas
72%
Saint-Marin
72%
Luxembourg
71%
Israël
70%
Liban
69%
Madagascar
69%
Bhoutan
67%
Sénégal
66%
Tchad
64%
Bahreïn
63%
Équateur
63%
Honduras
63%
Koweït
63%
Népal
63%
Niger
63%
Taïwan
62%
Bénin
61%
Singapour
61%
Bangladesh
60%
Émirats arabes unis
60%
Bahamas
59%
Salvador
59%
Seychelles
58%
Cameroun
57%
Cap-Vert
57%
Comores
55%
Îles Marshall
55%
Palaos
55%
Saint-Vincent-et-les-
Grenadines
53%
Gabon
52%
Philippines
52%
Saint-Christophe-
et-Niévès
50%
Maldives
49%
Timor oriental
48%
Salomon
47%
Macédoine du Nord
38%
Myanmar
20%

Distribution des résultats

Percentile par nombre de réponses

% des personnes avec chaque résultat

Votre développement - résultats

Vous n’avez pas pris ce quiz depuis la dernière actualisation